000 00375nam a2200145Ia 4500
005 20251222141856.0
008 251222s9999||||xx |||||||||||||| ||spa||
020 _a84-85840-25-9
082 _a371.2/A62
100 _aAntánez, Serafín
245 0 _aClaves para La Organización de Centros Escolares:
250 _a5a.ed.
264 _bUniversidad Barcelona
942 _cLIB
999 _c7912
_d7912